| 000 | | | 04500ckm0a2200313#x 450 |
| 001 | | | 6ac4f21a-6ca3-4adc-b427-30a81a43d5a6 |
| 005 | | | 20240304113023.0 |
| 100 | ## | $a | 20240228j19440822k###0rusy50 ca |
| 101 | 0# | $a | rus |
| 102 | ## | $a | RU |
| 116 | ## | $a | fiybxx####zz####zz |
| 122 | 0# | $a | d19440822## |
| 200 | 1# | $a | Маршал Советского Союза К. К. Рокоссовский беседует с жителями г. Люблина |
| | $j | 22 августа 1944 г. |
| 251 | ## | $c | Документ |
| 300 | ## | $a | Фотография |
| 300 | ## | $a | Фотограф А. Архипов |
| 600 | #1 | $2 | nlr_sh1 |
| | $3 | RU\NLR\AUTH\66995529 |
| | $a | Рокоссовский |
| | $g | Константин Ксавериевич |
| | $b | К.К. |
| | $f | 1896 - 1968 |
| | $j | Фотографии |
| 605 | ## | $2 | prlib_sh |
| | $3 | LIBNET\UAF\0000088514 |
| | $a | Вторая мировая война в архивных документах (Комплекс оцифрованных архивных документов, кино- и фотоматериалов) |
| | $l | коллекция |
| 606 | 1# | $2 | nlr_sh1 |
| | $3 | RU\NLR\AUTH\66177002 |
| | $a | Великая Отечественная война |
| | $z | 1941 - 1945 |
| | $x | Освобождение населенных пунктов |
| | $y | Польша |
| | $j | Фотографии |
| 607 | ## | $a | Люблин, город (Польша) |
| | $x | Освобождение Красной Армией |
| | $z | 1944 |
| | $j | Фотографии |
| | $2 | prlib_sh |
| 608 | ## | $2 | prlib_sh |
| | $3 | LIBNET\UAF\0000110286 |
| | $a | Документальные фотографии |
| | $z | 1944 |
| 617 | ## | $a | Польша |
| | $2 | prlib_sh |
| 686 | ## | $a | 63.3(4Пол)62я611 |
| | $v | LBC/M |
| | $2 | rubbk |
| 686 | ## | $a | 63.3(2)622,13я611 |
| | $v | LBC/M |
| | $2 | rubbk |
| 801 | #0 | $a | RU |
| | $b | ПБ им. Б.Н. Ельцина |
| | $c | 20240228 |
| 801 | #1 | $a | RU |
| | $b | ПБ им. Б.Н. Ельцина |
| | $c | 20240228 |
| | $2 | rusmarc |
| 801 | #2 | $a | RU |
| | $b | ПБ им. Б.Н. Ельцина |
| | $c | 20240304 |
| | $2 | rusmarc |
| 850 | ## | $a | Российский государственный архив кинофотодокументов |
| 852 | ## | $a | РГАКФД |
| | $j | Арх. № 0-261101а |
| 035 | ## | $a | LIBNET\0001383722 |
| 937 | ## | $d | 191147473 |
| | $h | Федеральное архивное агентство |
| 856 | 4# | $u | http://readingroom.main.prlib.ru/item.aspx?id_node=n191147473&mode=full |